[Event "Nordsjalland Weekend op-A"]
[Site "Allerod"]
[Date "2023.01.08"]
[Round "5"]
[White "Strange, Mikkel"]
[Black "Hoiberg, Nina"]
[Result "1/2-1/2"]
[WhiteElo "2309"]
[BlackElo "2126"]
[PlyCount "62"]
[EventDate "2023.01.06"]
[EventType "swiss"]
[EventRounds "5"]
[EventCountry "DEN"]
[SourceTitle "EXT 2024"]
[Source "ChessBase"]
[SourceDate "2023.10.10"]
[SourceVersion "1"]
[SourceVersionDate "2023.10.10"]
[SourceQuality "1"]

1. e4 d6 2. f4 Nf6 3. Nc3 Bg4 4. Be2 Bxe2 5. Qxe2 c6 6. d4 e6 7. Nf3 d5 8. exd5 Nxd5 9. f5 Nc7 10. 0-0 Be7 11. Bf4 Nba6 12. Rae1 0-0 13. Be5 Bf6 14. Bxf6 Qxf6 15. Ne4 Qh6 16. f6 gxf6 17. Nxf6+ Qxf6 18. Ne5 Qh4 19. Rf3 Nd5 20. Rg3+ Kh8 21. Rg4 Qh6 22. Qf2 f6 23. Ng6+ hxg6 24. Rh4 Qxh4 25. Qxh4+ Kg7 26. Rxe6 Rae8 27. Rxe8 Rxe8 28. c4 Ne3 29. Qe1 Re7 30. Qc3 Nf5 31. g4 Ne3 1/2-1/2

[Event "Nordsjalland Weekend op-A"]
[Site "Allerod"]
[Date "2023.01.08"]
[Round "4"]
[White "Thuesen, Mogens Henrik"]
[Black "Hoiberg, Nina"]
[Result "1/2-1/2"]
[WhiteElo "2137"]
[BlackElo "2126"]
[PlyCount "106"]
[EventDate "2023.01.06"]
[EventType "swiss"]
[EventRounds "5"]
[EventCountry "DEN"]
[SourceTitle "EXT 2024"]
[Source "ChessBase"]
[SourceDate "2023.10.10"]
[SourceVersion "1"]
[SourceVersionDate "2023.10.10"]
[SourceQuality "1"]

1. e4 e5 2. Nf3 Nc6 3. Bb5 d6 4. 0-0 Nf6 5. d4 exd4 6. Nxd4 Bd7 7. Nc3 Be7 8. Re1 0-0 9. Bxc6 bxc6 10. Bf4 Rb8 11. Qd3 Nh5 12. Be3 c5 13. Nb3 Bg5 14. Rad1 Bg4 15. Rd2 Nf4 16. Qa6 Qf6 17. Nd5 Nxd5 18. Bxg5 Qxg5 19. Rxd5 Qg6 20. Rd3 Rb6 21. Qxa7 c4 22. Qxc7 cxd3 23. Qxb6 Bf3 24. g3 Qh5 25. Qe3 dxc2 26. Nd4 Bd1 27. Qd2 Rc8 28. Nxc2 Bxc2 29. Qxd6 Qf3 30. Re3 Qd1+ 31. Qxd1 Bxd1 32. f4 h5 33. Rd3 Bc2 34. Rd4 Bb1 35. Rd2 Bxa2 36. Kf2 Bb1 37. Ke3 Rc2 38. Rxc2 Bxc2 39. b4 Kf8 40. Kd4 Ke7 41. Ke5 Bd3 42. Kd4 Ba6 43. h3 Kd6 44. e5+ Kc6 45. f5 Bc8 46. g4 h4 47. b5+ Kd7 48. Ke4 Bb7+ 49. Kf4 Bg2 50. Kg5 Bxh3 51. Kxh4 Bg2 52. Kg5 Ke7 53. e6 fxe6 1/2-1/2

[Event "DEN-chT 2223 60th"]
[Site "Denmark"]
[Date "2022.10.30"]
[Round "2.3"]
[White "Hoiberg, Nina"]
[Black "Simonsen, Carsten"]
[Result "1/2-1/2"]
[WhiteElo "2144"]
[BlackElo "2234"]
[PlyCount "179"]
[EventDate "2022.10.29"]
[EventType "team-tourn"]
[EventRounds "9"]
[EventCountry "DEN"]
[SourceTitle "EXT 2024"]
[Source "ChessBase"]
[SourceDate "2023.10.10"]
[SourceVersion "1"]
[SourceVersionDate "2023.10.10"]
[SourceQuality "1"]
[WhiteTeam "Nordre"]
[BlackTeam "Obro"]
[WhiteTeamCountry "DEN"]
[BlackTeamCountry "DEN"]

1. e4 c5 2. Nf3 d6 3. Nc3 Nf6 4. d4 cxd4 5. Nxd4 a6 6. Bd3 e5 7. Nf3 Be7 8. h3 b5 9. Bg5 Be6 10. Qd2 Nbd7 11. 0-0 Nc5 12. a4 b4 13. Bxf6 Bxf6 14. Ne2 Rb8 15. Ng3 g6 16. Rfd1 0-0 17. Qe2 Qc8 18. Bc4 Qc6 19. a5 Kg7 20. Bd5 Bxd5 21. Rxd5 Ne6 22. Qd2 Be7 23. Rd1 Rfd8 24. Rd3 Nf4 25. Rb3 Qc4 26. Ne1 Bg5 27. Kh2 Nxh3 28. Qd3 Qxd3 29. Nxd3 Nf4 30. Nxb4 Rb5 31. c4 Rc5 32. Rc3 Be7 33. Nd5 Nxd5 34. Rxd5 Rb8 35. b3 Rxd5 36. cxd5 Rb5 37. b4 Rxb4 38. Rc6 h5 39. f3 Ra4 40. Rxa6 Bg5 41. Rxd6 Rxa5 42. Rc6 Bf4 43. Kh3 Ra1 44. Rc2 Rd1 45. Rf2 Kh6 46. Rf1 Rd2 47. Re1 Kg5 48. Ne2 Be3 49. Nc3 Bd4 50. Nb5 Kf4 51. Nxd4 Rxd4 52. Ra1 f5 53. Re1 Rd2 54. g3+ Kg5 55. exf5 Kxf5 56. g4+ hxg4+ 57. fxg4+ Kf4 58. Rf1+ Kg5 59. Re1 Rxd5 60. Re4 Rd3+ 61. Kg2 Kf6 62. Re2 Ke6 63. Ra2 Rd6 64. Kf3 Rb6 65. Ra3 Kf6 66. Ra4 Rd6 67. Re4 Rd3+ 68. Kf2 Rd4 69. g5+ Kf5 70. Re1 Rg4 71. Ra1 Rxg5 72. Ra8 Rh5 73. Rf8+ Ke4 74. Rg8 Rf5+ 75. Kg3 Rf6 76. Kg4 Ke3 77. Ra8 Rd6 78. Ra3+ Rd3 79. Ra6 e4 80. Rxg6 Kf2 81. Rh6 Rf3 82. Rh2+ Ke3 83. Ra2 Rf8 84. Ra3+ Kf2 85. Ra2+ Kf1 86. Ra1+ Kg2 87. Re1 Re8 88. Kf4 Kf2 89. Rxe4 Rxe4+ 90. Kxe4 1/2-1/2

[Event "Kolding SonFlow Cup-B"]
[Site "Kolding"]
[Date "2022.04.30"]
[Round "2"]
[White "Hoiberg, Nina"]
[Black "Rasmussen, Henning"]
[Result "1-0"]
[WhiteElo "2173"]
[BlackElo "2161"]
[PlyCount "87"]
[EventDate "2022.04.29"]
[EventType "tourn"]
[EventRounds "5"]
[EventCountry "DEN"]
[SourceTitle "CBM 208 Extra"]
[Source "ChessBase"]
[SourceDate "2022.07.31"]
[SourceVersion "1"]
[SourceVersionDate "2022.07.31"]
[SourceQuality "1"]

1. e4 c6 2. d4 d5 3. exd5 cxd5 4. c4 Nf6 5. Nc3 Nc6 6. Nf3 g6 7. c5 Bg7 8. Be2 0-0 9. 0-0 Ne4 10. Bf4 Bg4 11. Ne5 Bxe2 12. Nxe2 Nxe5 13. Bxe5 Bxe5 14. dxe5 Nxc5 15. Rc1 Ne6 16. Rc3 Qb6 17. Rb3 Qa6 18. Nd4 Nc5 19. Rh3 Rfc8 20. Qg4 Qa4 21. b3 Qd7 22. Qh4 h5 23. Qg5 Qg4 24. Qxg4 hxg4 25. Rg3 Nd7 26. e6 Nf6 27. Re1 fxe6 28. Nxe6 Rc2 29. h3 Rxa2 30. hxg4 Rc8 31. Nf4 Kf7 32. Rf3 g5 33. Nxd5 Re8 34. Re5 Ra1+ 35. Kh2 Ra5 36. Kg3 b6 37. b4 Ra4 38. Rxg5 Rg8 39. Rxg8 Kxg8 40. Nxe7+ Kg7 41. Rf4 a5 42. bxa5 Ne4+ 43. Kh4 bxa5 44. f3 1-0

[Event "Kolding SonFlow Cup-B"]
[Site "Kolding"]
[Date "2022.04.29"]
[Round "1"]
[White "Nilssen, Ellen Fredericia"]
[Black "Hoiberg, Nina"]
[Result "1/2-1/2"]
[WhiteElo "2113"]
[BlackElo "2173"]
[PlyCount "106"]
[EventDate "2022.04.29"]
[EventType "tourn"]
[EventRounds "5"]
[EventCountry "DEN"]
[SourceTitle "CBM 208 Extra"]
[Source "ChessBase"]
[SourceDate "2022.07.31"]
[SourceVersion "1"]
[SourceVersionDate "2022.07.31"]
[SourceQuality "1"]

1. d4 d6 2. Nf3 Bg4 3. e4 c6 4. h3 Bh5 5. Bc4 Nf6 6. Qe2 Nxe4 7. Bxf7+ Bxf7 8. Qxe4 Qa5+ 9. Nc3 Nd7 10. 0-0 Nf6 11. Qe3 h6 12. Bd2 Qh5 13. Nh2 g5 14. f4 g4 15. hxg4 Qxh2+ 16. Kxh2 Nxg4+ 17. Kg1 Nxe3 18. Bxe3 Kd7 19. b3 Bg7 20. Rad1 c5 21. Ne4 Bd5 22. Ng3 c4 23. Rf2 Bf6 24. Nh5 Bh4 25. g3 Rhg8 26. Kh2 Rg4 27. Kh3 Rag8 28. gxh4 Bf7 29. Rdd2 c3 30. Rde2 Bxh5 31. Rg2 e6 32. d5 e5 33. fxe5 dxe5 34. Bxh6 Rxg2 35. Rxg2 Rxg2 36. Kxg2 Kd6 37. Kf2 Bg6 38. Ke3 Bxc2 39. Bf8+ Kxd5 40. Bb4 Bb1 41. Bxc3 Bxa2 42. b4 Bb1 43. h5 Bh7 44. Be1 Kc4 45. Ke2 a6 46. Ke3 b6 47. Ke2 Kb5 48. Kd1 a5 49. bxa5 bxa5 50. Kc1 a4 51. Kb2 e4 52. h6 e3 53. Ka3 Bc2 1/2-1/2

[Event "Aarhus-chB"]
[Site "Aarhus"]
[Date "2022.02.11"]
[Round "2"]
[White "Hoiberg, Nina"]
[Black "Wahlund, Max"]
[Result "0-1"]
[WhiteElo "2149"]
[BlackElo "2088"]
[PlyCount "102"]
[EventDate "2022.02.10"]
[EventType "tourn"]
[EventRounds "5"]
[EventCountry "DEN"]
[SourceTitle "EXT 2024"]
[Source "ChessBase"]
[SourceDate "2023.10.10"]
[SourceVersion "1"]
[SourceVersionDate "2023.10.10"]
[SourceQuality "1"]

1. e4 e5 2. Nf3 Nc6 3. d4 exd4 4. Bc4 Nf6 5. e5 d5 6. Bb5 Ne4 7. Nxd4 Bd7 8. Bxc6 bxc6 9. 0-0 Bc5 10. f3 Ng5 11. Be3 Bb6 12. Qd2 h6 13. Nb3 Qe7 14. Qf2 0-0 15. Nc3 f6 16. f4 fxe5 17. Bxb6 cxb6 18. Qe2 Nf7 19. fxe5 Nxe5 20. Rxf8+ Rxf8 21. Re1 Qf6 22. Nd2 Ng4 23. Nf3 Qf4 24. h3 Re8 25. Qf1 Rxe1 26. Qxe1 Qe3+ 27. Kf1 Qxe1+ 28. Nxe1 Ne5 29. b4 Kf7 30. b5 Ke6 31. bxc6 Bxc6 32. Ne2 Bb5 33. Kf2 Bxe2 34. Kxe2 d4 35. Kd2 Kd5 36. c3 g5 37. cxd4 Kxd4 38. Nc2+ Ke4 39. Ke2 Nd3 40. a3 Nf4+ 41. Kf2 Kd3 42. Ne3 Kc3 43. Kf3 Kb3 44. Nf5 Kxa3 45. Nxh6 b5 46. Nf7 Ne6 47. Nd6 b4 48. g3 b3 49. Nc4+ Kb4 50. Nb2 a5 51. Ke3 Kc3 0-1

[Event "Aarhus-chB"]
[Site "Aarhus"]
[Date "2022.02.11"]
[Round "3"]
[White "Pedersen, Gunnar"]
[Black "Hoiberg, Nina"]
[Result "1/2-1/2"]
[WhiteElo "2196"]
[BlackElo "2149"]
[PlyCount "65"]
[EventDate "2022.02.10"]
[EventType "tourn"]
[EventRounds "5"]
[EventCountry "DEN"]
[SourceTitle "EXT 2024"]
[Source "ChessBase"]
[SourceDate "2023.10.10"]
[SourceVersion "1"]
[SourceVersionDate "2023.10.10"]
[SourceQuality "1"]

1. d4 d5 2. c4 Nc6 3. Nc3 Nf6 4. Nf3 e6 5. g3 dxc4 6. Bg2 Bb4 7. 0-0 0-0 8. e3 Nd5 9. Qc2 Bd7 10. e4 Nxc3 11. bxc3 Bd6 12. e5 Be7 13. h4 h6 14. Bf4 b5 15. Nh2 Rb8 16. Be4 b4 17. Qe2 bxc3 18. Qg4 f5 19. exf6 Rxf6 20. Be5 h5 21. Qxh5 Rh6 22. Qf3 Nxe5 23. dxe5 Qf8 24. Qxc3 Be8 25. Ng4 Rg6 26. Bxg6 Bxg6 27. Qxc4 Bf5 28. Ne3 Bh3 29. Kh2 Rb4 30. Qc6 Bxf1 31. Qxe6+ Qf7 32. Qxf7+ Kxf7 33. Rxf1 1/2-1/2

[Event "Helsingor Hojstrupgaard op"]
[Site "Helsingor"]
[Date "2021.07.24"]
[Round "2"]
[White "Hoiberg, Nina"]
[Black "Guindy, Esmat Susanne"]
[Result "1/2-1/2"]
[WhiteElo "2165"]
[BlackElo "2100"]
[PlyCount "84"]
[EventDate "2021.07.23"]
[EventType "swiss"]
[EventRounds "5"]
[EventCountry "DEN"]
[SourceTitle "CBM 203 Extra"]
[Source "ChessBase"]
[SourceDate "2021.09.30"]
[SourceVersion "1"]
[SourceVersionDate "2021.09.30"]
[SourceQuality "1"]

1. e4 e6 2. Nf3 d5 3. e5 c5 4. b4 d4 5. bxc5 Bxc5 6. Bd3 Nc6 7. 0-0 Nge7 8. Ba3 Qa5 9. Bxc5 Qxc5 10. Qe2 Nd5 11. a4 Nf4 12. Qe4 Nxd3 13. cxd3 0-0 14. Na3 Rd8 15. Rfc1 Qd5 16. Qxd5 Rxd5 17. Nb5 Rb8 18. Rc4 a6 19. Nc7 Ra5 20. Ne8 Bd7 21. Nd6 Nxe5 22. Nxe5 Rxe5 23. Rc7 Bc6 24. Kf1 Rd5 25. Nxb7 Bxb7 26. Rb1 Kf8 27. Rbxb7 Rxb7 28. Rxb7 Ra5 29. Rb4 e5 30. Ke2 Ke7 31. f4 Ke6 32. Kf3 f5 33. g4 fxg4+ 34. Kxg4 g6 35. Rb6+ Kd5 36. fxe5 Kxe5 37. Rb4 Rd5 38. Rb7 h6 39. Rh7 Ra5 40. Rxh6 Kf6 41. Rh8 Rxa4 42. Kf4 Ra2 1/2-1/2

[Event "Odense-ch C"]
[Site "Odense"]
[Date "2019.10.12"]
[Round "3"]
[White "Hoiberg, Nina"]
[Black "Laursen, Niels Norskov"]
[Result "1/2-1/2"]
[WhiteElo "2181"]
[BlackElo "2264"]
[PlyCount "59"]
[EventDate "2019.10.11"]
[EventType "tourn"]
[EventRounds "5"]
[EventCountry "DEN"]
[SourceTitle "EXT 2021"]
[Source "ChessBase"]
[SourceDate "2020.10.23"]
[SourceVersion "1"]
[SourceVersionDate "2020.10.23"]
[SourceQuality "1"]

1. e4 d6 2. d4 Nf6 3. Nc3 g6 4. f4 Bg7 5. Nf3 0-0 6. Bd3 Na6 7. 0-0 c5 8. d5 Bg4 9. a3 Nc7 10. Qe1 Bxf3 11. Rxf3 e6 12. dxe6 fxe6 13. Qh4 d5 14. e5 Nd7 15. Qxd8 Raxd8 16. Nb5 Nxb5 17. Bxb5 g5 18. Be3 gxf4 19. Bxd7 Rxd7 20. Bxc5 Rf5 21. Bd4 Bxe5 22. Bxe5 Rxe5 23. Rxf4 Rf7 24. Rxf7 Kxf7 25. Kf2 Kf6 26. Rd1 Rf5+ 27. Ke2 Re5+ 28. Kf2 Rf5+ 29. Ke2 Re5+ 30. Kf2 1/2-1/2

[Event "Odense-ch C"]
[Site "Odense"]
[Date "2019.10.11"]
[Round "1"]
[White "Pedersen, Nicolai Kvist Brond"]
[Black "Hoiberg, Nina"]
[Result "1-0"]
[WhiteElo "2254"]
[BlackElo "2181"]
[PlyCount "103"]
[EventDate "2019.10.11"]
[EventType "tourn"]
[EventRounds "5"]
[EventCountry "DEN"]
[SourceTitle "EXT 2021"]
[Source "ChessBase"]
[SourceDate "2020.10.23"]
[SourceVersion "1"]
[SourceVersionDate "2020.10.23"]
[SourceQuality "1"]

1. d4 Nf6 2. Nf3 d6 3. g3 Nbd7 4. Bg2 e5 5. c4 Be7 6. Nc3 0-0 7. 0-0 c6 8. Qc2 Re8 9. Rd1 Bf8 10. b3 a6 11. d5 Qc7 12. Bb2 cxd5 13. Nxd5 Nxd5 14. Rxd5 Nf6 15. Rdd1 Bd7 16. Ng5 h6 17. Ne4 Nxe4 18. Bxe4 Bc6 19. Rac1 Qa5 20. Bd5 Rac8 21. Bc3 Qb6 22. Qd2 Bxd5 23. Qxd5 Re6 24. Bd2 Rc5 25. Qe4 Qc6 26. Qb1 Qc8 27. Be3 Rc6 28. Rd5 Rg6 29. Rcd1 Qg4 30. R1d2 h5 31. f3 Qh3 32. Bf2 Qc8 33. Qe4 Be7 34. c5 h4 35. cxd6 Rc1+ 36. Rd1 Rxd1+ 37. Rxd1 Bxd6 38. Qxh4 Rh6 39. Qg5 f6 40. Qd2 Bf8 41. Be3 Rg6 42. Qd5+ Kh7 43. Kg2 Qc3 44. Bf2 b6 45. Bxb6 f5 46. Ba5 Qc2 47. Rd2 Qc1 48. Qc4 Qa3 49. Rd8 e4 50. fxe4 fxe4 51. Qxe4 Qxa2 52. Rxf8 1-0

[Event "Fredericia op"]
[Site "Fredericia"]
[Date "2019.06.01"]
[Round "3"]
[White "Hoiberg, Nina"]
[Black "Thorsbro, Peter"]
[Result "1/2-1/2"]
[WhiteElo "2094"]
[BlackElo "2116"]
[PlyCount "46"]
[EventDate "2019.05.31"]
[EventType "swiss"]
[EventRounds "5"]
[EventCountry "DEN"]
[SourceTitle "EXT 2021"]
[Source "ChessBase"]
[SourceDate "2020.10.23"]
[SourceVersion "1"]
[SourceVersionDate "2020.10.23"]
[SourceQuality "1"]

1. e4 e5 2. Nf3 Nc6 3. d4 exd4 4. Bc4 Nf6 5. e5 d5 6. Bb5 Ne4 7. Nxd4 Bd7 8. Bxc6 bxc6 9. 0-0 Bc5 10. Be3 Bb6 11. f3 Ng5 12. f4 Ne4 13. Nd2 Nxd2 14. Qxd2 0-0 15. Nb3 f6 16. exf6 Qxf6 17. Nc5 Bf5 18. c3 a5 19. Rae1 Qd6 20. Nb7 Qf6 21. Nc5 Qd6 22. Nb7 Qf6 23. Nc5 Qd6 1/2-1/2

[Event "DEN-chT 1718 56th"]
[Site "Denmark"]
[Date "2018.02.11"]
[Round "7.5"]
[White "Hoiberg, Nina"]
[Black "Prien, Thore"]
[Result "0-1"]
[WhiteElo "2148"]
[BlackElo "2234"]
[PlyCount "118"]
[EventDate "2017.11.18"]
[EventType "team-tourn"]
[EventRounds "9"]
[EventCountry "DEN"]
[SourceTitle "EXT 2019"]
[Source "ChessBase"]
[SourceDate "2018.10.10"]
[SourceVersion "1"]
[SourceVersionDate "2018.10.10"]
[SourceQuality "1"]
[WhiteTeam "Nordre"]
[BlackTeam "BOV"]
[WhiteTeamCountry "DEN"]
[BlackTeamCountry "DEN"]

1. e4 e6 2. d4 d5 3. Bd3 c5 4. exd5 exd5 5. dxc5 Bxc5 6. Nc3 Nf6 7. Qe2+ Be6 8. Nf3 0-0 9. 0-0 Nc6 10. Bg5 Re8 11. Qd2 h6 12. Bh4 a6 13. a3 Be7 14. Rfe1 Qd6 15. Bg3 Qd7 16. Na4 Qd8 17. b4 Ne4 18. Bxe4 dxe4 19. Qxd8 Raxd8 20. Rxe4 Bd5 21. Re3 Bxf3 22. gxf3 Nd4 23. Ra2 Bg5 24. f4 Bf6 25. c3 Nf5 26. Rxe8+ Rxe8 27. Nc5 h5 28. f3 Re3 29. Nxb7 Rxc3 30. Nc5 a5 31. Ne4 Rc1+ 32. Kg2 Bd4 33. Bf2 axb4 34. axb4 Rb1 35. Bxd4 Nxd4 36. Ra8+ Kh7 37. Ra7 Rb2+ 38. Kf1 Nxf3 39. Ng5+ Nxg5 40. fxg5 Kg6 41. Rb7 Rxh2 42. b5 Rh4 43. b6 Rf4+ 44. Kg2 Rg4+ 45. Kh3 Rxg5 46. Rc7 Rb5 47. b7 Rb3+ 48. Kh2 Kf6 49. Kg2 g5 50. Rc6+ Kg7 51. Rc7 Kg6 52. Kf2 h4 53. Kg2 f5 54. Rc6+ Kh5 55. Rc7 Kg4 56. Rc4+ f4 57. Rc7 Rb2+ 58. Kf1 Kg3 59. Ke1 h3 0-1

[Event "DEN-chT 1617 55th"]
[Site "Denmark"]
[Date "2017.02.26"]
[Round "7.4"]
[White "Ochsner, Thomas"]
[Black "Hoiberg, Nina"]
[Result "1/2-1/2"]
[WhiteElo "2309"]
[BlackElo "2218"]
[PlyCount "53"]
[EventDate "2016.10.29"]
[EventType "team-tourn"]
[EventRounds "9"]
[EventCountry "DEN"]
[SourceTitle "EXT 2018"]
[Source "ChessBase"]
[SourceDate "2017.10.13"]
[SourceVersion "1"]
[SourceVersionDate "2017.10.13"]
[SourceQuality "1"]
[WhiteTeam "Aarhus/Skolerne"]
[BlackTeam "Nordre"]
[WhiteTeamCountry "DEN"]
[BlackTeamCountry "DEN"]

1. e4 e5 2. Nf3 Nc6 3. Bc4 Nf6 4. d3 Be7 5. c3 0-0 6. 0-0 h6 7. Re1 d6 8. Bb3 Nh7 9. Nbd2 Ng5 10. Nxg5 Bxg5 11. Nc4 Bxc1 12. Rxc1 Ne7 13. Qh5 Ng6 14. g3 Qg5 15. Qxg5 hxg5 16. d4 Kh7 17. dxe5 Nxe5 18. Nxe5 dxe5 19. Rcd1 Bg4 20. Rd5 f6 21. Kg2 c6 22. Rd3 Rad8 23. Ree3 Bc8 24. a4 b6 25. Bc4 Bb7 26. b3 g6 27. Rxd8 1/2-1/2

[Event "DEN-chT 1617 55th"]
[Site "Denmark"]
[Date "2017.01.08"]
[Round "5.1"]
[White "Hoiberg, Nina"]
[Black "Boe, Mads"]
[Result "1/2-1/2"]
[WhiteElo "2218"]
[BlackElo "2324"]
[PlyCount "79"]
[EventDate "2016.10.29"]
[EventType "team-tourn"]
[EventRounds "9"]
[EventCountry "DEN"]
[SourceTitle "EXT 2018"]
[Source "ChessBase"]
[SourceDate "2017.10.13"]
[SourceVersion "1"]
[SourceVersionDate "2017.10.13"]
[SourceQuality "1"]
[WhiteTeam "Nordre"]
[BlackTeam "Skanderborg Nordea"]
[WhiteTeamCountry "DEN"]
[BlackTeamCountry "DEN"]

1. e4 c6 2. d4 d5 3. e5 Bf5 4. c4 e6 5. Nc3 Ne7 6. Nge2 Nd7 7. Nf4 dxc4 8. g4 Bg6 9. Nxg6 hxg6 10. Bxc4 Nb6 11. Be2 Ned5 12. Bd2 Be7 13. Qb3 Qd7 14. Nxd5 Qxd5 15. Qxd5 Nxd5 16. 0-0-0 0-0-0 17. h3 Bb4 18. Be3 Be7 19. Kb1 Kb8 20. Bc1 Rd7 21. a3 Bd8 22. Rd3 Bb6 23. Rhd1 Rhd8 24. h4 Rh8 25. h5 gxh5 26. gxh5 Ne7 27. Bg4 Nf5 28. Bxf5 exf5 29. Rg1 f6 30. exf6 gxf6 31. h6 Bc7 32. Rg7 Kc8 33. Rf3 f4 34. Bxf4 Bxf4 35. Rxf4 Rxh6 36. Rg8+ Rd8 37. Rg7 Rd7 38. Rg8+ Rd8 39. Rg7 Rd7 40. Rg8+ 1/2-1/2

[Event "DEN-chT 1617 55th"]
[Site "Denmark"]
[Date "2016.10.29"]
[Round "1.2"]
[White "Hoiberg, Nina"]
[Black "Nordenbaek, Jan"]
[Result "1-0"]
[WhiteElo "2218"]
[BlackElo "2170"]
[PlyCount "89"]
[EventDate "2016.10.29"]
[EventType "team-tourn"]
[EventRounds "9"]
[EventCountry "DEN"]
[SourceTitle "EXT 2018"]
[Source "ChessBase"]
[SourceDate "2017.10.13"]
[SourceVersion "1"]
[SourceVersionDate "2017.10.13"]
[SourceQuality "1"]
[WhiteTeam "Nordre"]
[BlackTeam "Hillerod"]
[WhiteTeamCountry "DEN"]
[BlackTeamCountry "DEN"]

1. e4 Nf6 2. e5 Nd5 3. Bc4 e6 4. d4 d6 5. Nf3 Nb6 6. Bd3 Nc6 7. c3 Be7 8. 0-0 Nd7 9. Qe2 0-0 10. Bf4 Re8 11. Nbd2 Nf8 12. b4 a6 13. a4 b6 14. Nb3 a5 15. b5 Nb8 16. Rfe1 Bb7 17. Rad1 Ng6 18. Bg3 Nd7 19. Bc2 Ra7 20. Nbd2 d5 21. h4 c5 22. h5 Ngf8 23. Nh2 cxd4 24. cxd4 Bc8 25. Ng4 Rc7 26. Bb1 Rc3 27. Bf4 Bb4 28. Nh6+ gxh6 29. Qg4+ Ng6 30. hxg6 fxg6 31. Bxg6 hxg6 32. Qxg6+ Kh8 33. Qxh6+ Kg8 34. Bg5 Be7 35. Qxe6+ Kg7 36. Qh6+ Kg8 37. Qg6+ Kh8 38. Bh6 Rg8 39. Qh5 Qe8 40. Qh2 Rg6 41. Ne4 Rf3 42. Nf6 Nxf6 43. exf6 Bh3 44. Rxe7 Qc8 45. Qe5 1-0